[Event "Festival Primavera Cattolica 2022"]
[Site "Cattolica"]
[Date "2022.03.19"]
[Round "7.9"]
[White "Roshka, Yevgeniy"]
[Black "Begmuratov, Khumoyun"]
[Result "0-1"]
[WhiteElo "2478"]
[BlackElo "2358"]
[Annotator "TA"]
[PlyCount "114"]
[EventDate "2022.03.16"]
[EventType "swiss"]
[EventCountry "ITA"]
[SourceTitle "playchess.com"]
[Source "ChessBase"]
[SourceQuality "1"]

{[%evp 9,114,25,16,24,15,23,47,37,47,40,47,42,80,83,105,106,116,89,84,35,41,33,31,22,27,23,50,27,50,16,21,0,0,0,0,0,262,259,248,255,263,24,14,-468,-454,-435,-457,-429,-445,-481,-448,-547,-532,-541,-467,-485,-479,-474,-444,-497,-499,-504,-480,-552,-552,-538,-552,-541,-526,-516,-504,-489,-480,-445,-304,-416,-304,-304,-278,-711,-677,-544,-102,-357,-350,-318,-314,-293,-250,-618,-606,-894,-883,-887,-815,-692,-893,-764,-544,-904,-780,-781,-1012,-1129,-679,-29937,-29940]} 1. d4 Nf6 2. c4 e6 3. g3 d5 4. Nf3 Nc6 5. Nbd2 Bd6 6. Bg2 {E01: Catalan: Early deviations.} O-O 7. O-O h6 8. Qc2 {White is slightly better.} Re8 9. a3 a5 10. b3 {[#]} Bd7 $146 ({Predecessor:} 10... e5 11. dxe5 Nxe5 12. cxd5 Nxd5 13. Bb2 Bg4 14. h3 Bh5 15. e4 Nb6 16. g4 Nxf3+ 17. Nxf3 {0-1 (36) Kazakovskiy,V (2473)-Paravyan,D (2653) Chess.com INT 2020}) 11. Bb2 Rb8 12. Rfd1 (12. Ne5 {is interesting.} Bc8 13. Rfd1 Ne7 14. e4 dxe4 15. Nxe4 Nxe4 16. Bxe4 Rf8 17. b4) 12... b5 13. c5 Bf8 14. e4 (14. Ne5 $16) 14... dxe4 $14 15. Nxe4 Nd5 16. Re1 Qc8 17. Ned2 Qb7 18. h4 Rbd8 19. Re2 Bc8 20. Rae1 Qa8 21. Ne4 b4 22. a4 Ba6 $2 {[%mdl 8192] [#]} (22... Nce7 $11 {and Black is okay.}) 23. Neg5 $1 $18 {[%mdl 512]} hxg5 24. Nxg5 {[%csl Gg5][%cal Rc2h7]} Nf6 {Prevents Qh7+.} 25. d5 $2 (25. Re3 $18) 25... e5 $1 $11 {And now ...Nd4 would win.} 26. Rxe5 $2 {[%mdl 8192]} (26. dxc6 $11 {and White stays safe.} Bd3 27. Qd1) 26... Nxe5 $19 (26... Rxe5 $2 {loses.} 27. Bxe5 Nxe5 28. Rxe5 $17) 27. Rxe5 Rxe5 28. Bxe5 Rxd5 (28... Re8 $2 29. Bxf6 g6 30. d6 $18) 29. Bxf6 {[%csl Gg5][%cal Rc2h7]} (29. Bxd5 Qxd5 30. Bxf6 Bd3) 29... Bd3 {Inhibits Qh7+.} 30. Qb2 ({Don't play} 30. Bxd5 Qxd5 31. Qd1 gxf6) 30... gxf6 31. Qxf6 {[#]} Rf5 $1 {[%mdl 512]} 32. Qd4 Qa6 33. c6 Bc2 34. Be4 {[#]} Rxg5 $1 35. hxg5 (35. Bxc2 Qxc6) 35... Qe2 36. Bxc2 Qxc2 37. Qd5 Bc5 38. Qd8+ Kh7 39. Qf6 Qg6 40. Qf4 Bd6 41. Qc4 Kg8 42. Qd5 Qb1+ 43. Kg2 Qc2 44. Qxa5 $2 (44. g6 Qxg6 45. Qxa5) 44... Qxc6+ 45. Kg1 Qc5 {Prevents Qf5.} (45... Qf3 $19 46. g6 fxg6) 46. Qa8+ $2 {[%mdl 8192]} (46. Qxc5 $17 {was forced.} Bxc5 47. Kf1) 46... Kg7 47. Kg2 c6 {...Qd5+ is the strong threat.} ({Avoid the trap} 47... Qxg5 $2 48. Qe4 $19) 48. Qd8 Be7 {Prevents Qf6+.} 49. Qc7 (49. Qd7) 49... Bxg5 50. a5 Qd5+ 51. Kg1 Bd8 52. Qc8 Bxa5 53. Qg4+ Kf8 54. Qh4 Ke8 55. Qh8+ Kd7 56. Qa8 Bc7 57. Qa4 Qa5 {Weighted Error Value: White=0.73/Black=0.38} 0-1

[Event "Festival Primavera Cattolica 2022"]
[Site "Cattolica"]
[Date "2022.03.19"]
[Round "7.10"]
[White "Nikolov, Momchil"]
[Black "Azarov, Sergei"]
[Result "1/2-1/2"]
[WhiteElo "2501"]
[BlackElo "2600"]
[Annotator "TA"]
[PlyCount "80"]
[EventDate "2022.03.16"]
[EventType "swiss"]
[EventCountry "ITA"]
[SourceTitle "playchess.com"]
[Source "ChessBase"]
[SourceQuality "1"]

{[%evp 16,80,12,10,10,5,11,9,11,9,4,18,13,0,0,6,10,5,10,9,45,-14,-12,-20,-4,0,-3,-8,7,0,0,0,16,0,0,0,0,0,0,0,0,0,15,15,15,15,15,15,15,14,16,0,0,0,0,0,0,0,0,0,0,0,0,0,0,0,0]} 1. d4 Nf6 2. c4 e6 3. Nc3 Bb4 4. Qc2 c5 5. dxc5 O-O 6. Nf3 Na6 {[%cal Bb8a6,Ba6c5,Bc5e4][%mdl 32]} 7. g3 Nxc5 8. Bg2 Nce4 9. O-O Bxc3 {E39: Nimzo-Indian: Classical: 4...c5 5 dxc5 0-0.} 10. bxc3 Qc7 11. Nd4 d5 12. cxd5 exd5 13. Bf4 Qc5 14. Rac1 Bd7 15. Nb3 Qe7 {[#]} 16. Qd3 $146 {Threatening c4.} ({Predecessor:} 16. Be3 Rac8 17. Bd4 b6 18. Nd2 Nxc3 19. Bxc3 d4 20. Nb1 dxc3 21. Nxc3 Rc5 22. Qd2 {0-1 (58) Tang,A (2521)-Azarov,S (2597) Chess.com INT 2020}) 16... Be6 17. Nd4 {[%cal Oc3c4]} Rac8 {Prevents c4.} 18. Nxe6 ({White should play} 18. c4 $1 $14) 18... Qxe6 $11 {The position is equal.} 19. Be3 b6 20. Bd4 Rfe8 21. Rfd1 h5 22. h4 Rc7 23. Rc2 {[%cal Bc1c2,Bc2d2,Bd2d4][%mdl 32]} Rc6 (23... Nd7 {is interesting.} 24. Qb5 Rec8 25. c4 Rxc4 26. Rxc4 Rxc4 27. Bxe4 Qxe4 28. Qxd7 Qxe2 29. Rf1 Rxd4 30. Qc8+ Kh7) 24. Bxf6 Qxf6 25. Bxe4 dxe4 26. Qe3 Qe6 27. Rd4 Rc4 28. Rcd2 Qc8 29. Rd7 Rc7 30. Rxc7 Qxc7 {[%mdl 4096] Endgame KQR-KQR} 31. Rd4 Qc6 32. c4 g6 33. Qa3 e3 34. fxe3 Qe6 35. e4 Qe5 36. Qd3 Kg7 37. Kg2 Re6 38. Rd7 Qxe4+ 39. Qxe4 Rxe4 40. Kf3 Rxc4 {An even fight not without its subleties.  Weighted Error Value: White=0.04 (flawless) /Black=0.04 (flawless)} 1/2-1/2

[Event "Festival Primavera Cattolica 2022"]
[Site "Cattolica"]
[Date "2022.03.20"]
[Round "8.1"]
[White "Jobava, Baadur"]
[Black "Bernadskiy, Vitaliy"]
[Result "1/2-1/2"]
[WhiteElo "2588"]
[BlackElo "2601"]
[Annotator "TA"]
[PlyCount "34"]
[EventDate "2022.03.16"]
[EventType "swiss"]
[EventCountry "ITA"]
[SourceTitle "playchess.com"]
[Source "ChessBase"]
[SourceQuality "1"]

{[%evp 11,17,33,20,17,22,7,16,11]} 1. d4 d5 2. c4 dxc4 3. Nf3 Nf6 4. e3 e6 5. Bxc4 c5 6. O-O Nc6 7. dxc5 {The position is equal. D27: Queen's Gambit Accepted: Classical main line: 7 e4!? and 7 a4.} Bxc5 8. Nc3 Qxd1 9. Rxd1 {[#] Not much happened in this game.} {Predecessor:} a6 $146 10. Nd2 O-O 11. Nb3 Ba7 12. Be2 Bd7 13. Bd2 Rfc8 14. Rac1 Ne5 15. Be1 b5 16. Nb1 Nd5 17. Rxc8+ Rxc8 {½-½ (51) Sargsyan,S (2596)-Lei,T (2505) Tornelo INT 2020} 1/2-1/2

[Event "Festival Primavera Cattolica 2022"]
[Site "Cattolica"]
[Date "2022.03.20"]
[Round "8.2"]
[White "Bosiocic, Marin"]
[Black "Nesterov, Arseniy"]
[Result "1/2-1/2"]
[WhiteElo "2522"]
[BlackElo "2522"]
[Annotator "TA"]
[PlyCount "115"]
[EventDate "2022.03.16"]
[EventType "swiss"]
[EventCountry "ITA"]
[SourceTitle "playchess.com"]
[Source "ChessBase"]
[SourceQuality "1"]

{[%evp 19,115,0,0,0,0,0,14,21,12,-9,2,0,0,0,0,0,0,0,0,0,0,0,20,17,38,21,35,34,93,67,79,83,79,32,20,0,25,0,23,29,60,60,60,66,63,68,78,8,9,17,8,15,37,39,37,39,37,37,41,43,52,23,23,12,12,0,0,0,0,1,3,8,8,3,11,0,0,0,0,0,0,0,0,0,0,0,0,0,0,0,0,0,0,0,0,0,5,6]} 1. Nf3 d5 2. g3 Nf6 3. Bg2 g6 4. O-O Bg7 5. c4 c6 6. b3 O-O 7. Bb2 Nbd7 8. d3 Re8 9. Nbd2 {9.Nc3 injects fresh life into this line.} e5 10. cxd5 cxd5 11. e4 {11.Rc1 is not played anymore. A11: English Opening: 1...c6.} dxe4 12. dxe4 b6 {[%cal Bb7b6,Bb6b5][%mdl 32]} 13. Re1 Bb7 14. b4 {[#]} b5 $146 ({Predecessor:} 14... Qe7 15. Qb3 Rac8 16. Rad1 Rc7 17. Nc4 Bxe4 18. Nfxe5 Bxg2 19. Kxg2 Qf8 20. Nd6 Re7 {½-½ (35) Valido Bouza,C (2248)-Alvarez Albo,C (2203) Havana 2007}) 15. a4 a6 16. Qb3 Qe7 17. Bf1 Bf8 18. Bc3 Bc6 19. axb5 axb5 20. Ra5 Rxa5 21. bxa5 Ra8 22. Qc2 {[%cal Of3e5]} Rc8 23. Qb2 {[%cal Rf3e5]} Ra8 (23... Re8 $1 $14 24. Qb3 (24. Bxb5 Rb8 $17) 24... Ra8) 24. Nxe5 $16 ({Worse is} 24. Bxb5 Rb8 25. Bxc6 Rxb2 26. Bxb2 Qb4 $17) 24... Nxe5 25. Bxe5 Nd7 26. Bd4 {White is more active.} (26. Bc3 $16) 26... Rxa5 $14 27. Rc1 Qe6 28. Qc2 Ra4 29. Bb2 {[#] Strongly threatening Qc3.} Nc5 30. Qc3 {[%csl Gb2][%cal Rc3h8]} f6 $1 31. Qxf6 Qxf6 32. Bxf6 {[%cal Od2b3]} Be8 33. Bg5 (33. f3 $16) 33... Nxe4 $11 34. Nxe4 Rxe4 35. Rc8 Re1 36. Bd2 Rd1 37. Rxe8 Rxd2 38. Bxb5 $14 {[%mdl 4096] Endgame KRB-KRB} Kg7 39. Rc8 Bd6 40. Bc4 Rc2 41. Rc6 Be5 {The position is equal.} 42. f4 Bd4+ 43. Kh1 Rc1+ 44. Kg2 Rc2+ 45. Kf3 Rxh2 46. Ke4 Bb2 47. Rc8 h5 48. Rc7+ Kh6 49. Rc6 Kg7 50. Rc7+ Kh6 51. Bg8 {[%csl Gg8][%cal Rc7h7] [#]} Bg7 $1 52. Rc6 {aiming for f5.} Re2+ 53. Kf3 Re8 54. Bf7 {[%csl LRe8,LRg6]} Rf8 55. Rc7 Bd4 56. Rd7 Bc3 57. Bd5 Bf6 58. Be4 {Weighted Error Value: White=0.07 (flawless) /Black=0.05 (flawless)} 1/2-1/2

[Event "Festival Primavera Cattolica 2022"]
[Site "Cattolica"]
[Date "2022.03.20"]
[Round "8.3"]
[White "Basso, Pier Luigi"]
[Black "Park, Evan"]
[Result "0-1"]
[WhiteElo "2600"]
[BlackElo "2296"]
[Annotator "TA"]
[PlyCount "66"]
[EventDate "2022.03.16"]
[EventType "swiss"]
[EventCountry "ITA"]
[SourceTitle "playchess.com"]
[Source "ChessBase"]
[SourceQuality "1"]

{[%evp 11,66,-6,-7,1,7,-8,-7,-17,-20,-19,-12,-10,-14,-56,0,0,0,0,0,-27,-34,-35,-26,-24,0,-11,0,-14,0,-15,-29,-44,-25,-133,-98,-793,-786,-784,-775,-5261,-5261,-1264,-1212,-29990,-29991,-29991,-29992,-29992,-29993,-29993,-29992,-29994,-29973,-29970,-29970,-29989,-2235]} 1. d4 Nf6 2. c4 e6 3. Nf3 d5 4. Nc3 Bb4 5. e3 O-O 6. Bd2 b6 7. Rc1 {E51: Nimzo-Indian: Rubinstein: 4...0-0 5 Nf3 d5.} Ba6 8. cxd5 Bxf1 9. Kxf1 {[#] Hoping for dxe6. The position is equal.} Bxc3 $146 ({Predecessor:} 9... exd5 10. g3 Bxc3 11. Bxc3 Nbd7 12. Kg2 Ne4 13. Bb4 Re8 14. Rc6 Nb8 15. Rc2 a5 {1-0 (46) Kiremitciyan,A (2281)-Potapova,M (2277) Chess.com INT 2021}) 10. Bxc3 Qxd5 11. a3 Nbd7 12. Nd2 (12. Ke2 $11) 12... e5 ({Better is} 12... c5 $1 $15) 13. dxe5 Nxe5 14. Nf3 Nxf3 15. gxf3 Qf5 16. Rg1 Rfd8 {Inhibits Qd4.} 17. Qe2 Ne8 18. Rg4 c5 19. Kg2 Nf6 20. Bxf6 Qxf6 21. Rc2 Rd6 22. Qa6 (22. Rd2 $11) 22... Rad8 {aiming for ...h5.} 23. Qxa7 $2 {[%mdl 8192] [#] White does not recover from this.} (23. Rg3 $17) 23... h5 $1 $19 {[%cal Bh7h5,Bh5h4,Bh4h3][%mdl 32]} 24. Rg3 {[#]} h4 $1 25. Rg4 h3+ $1 26. Kg3 Qe5+ ({Not} 26... R6d7 27. Qa4 $11) 27. Kxh3 Rh6+ {Black mates.} 28. Kg2 Qxh2+ 29. Kf1 Qh1+ 30. Rg1 Qxf3 {[%cal Rd8d1]} 31. Re2 Rhd6 32. Qa4 Rd1+ 33. Re1 Qh3+ {Weighted Error Value: White=0.89/Black=0.07 (flawless)} (33... R8d2 $142 34. Qe8+ Kh7 35. Rxg7+ Kxg7 36. Qe5+ Kf8 37. Qh8+ Ke7 38. Qh4+ Ke6 39. Qc4+ Rd5 40. Qxd5+ Rxd5 41. Rc1 Rd2 42. Kg1 Qxf2+ 43. Kh1 Qh2#) 0-1

[Event "Festival Primavera Cattolica 2022"]
[Site "Cattolica"]
[Date "2022.03.20"]
[Round "8.4"]
[White "Dimitrov, Radoslav"]
[Black "Davtyan, Artur"]
[Result "1-0"]
[WhiteElo "2487"]
[BlackElo "2460"]
[Annotator "TA"]
[PlyCount "83"]
[EventDate "2022.03.16"]
[EventType "swiss"]
[EventCountry "ITA"]
[SourceTitle "playchess.com"]
[Source "ChessBase"]
[SourceQuality "1"]

{[%evp 17,83,0,0,-5,9,-14,0,0,0,0,0,0,0,0,15,17,27,26,33,50,32,25,33,41,23,37,25,30,24,22,79,70,75,0,25,10,10,12,117,111,98,108,194,187,185,185,280,257,268,252,617,617,831,831,831,831,824,727,915,905,29982,29983,29987,29988,29989,29989,29989,29990]} 1. c4 e6 2. Nc3 d5 3. d4 Nf6 4. Bg5 Be7 5. e3 h6 6. Bxf6 Bxf6 7. Nf3 O-O 8. Qc2 c5 9. dxc5 dxc4 10. Ne4 {D55: Queen's Gambit Declined: 4 Bg5 Be7: Lines without ...h6 and 6...h6 7 Bxf6.} Na6 {[%cal Oa6c5]} 11. Nfd2 {[#]} b5 $146 (11... Nb4 12. Qxc4 Nd5 13. Nxf6+ Qxf6 14. Rb1 $14) ({Predecessor:} 11... c3 12. bxc3 Be7 13. Nb3 Qc7 14. Bxa6 bxa6 15. O-O Bb7 {½-½ (15) Mozharov,M (2500)-Buhmann,R (2571) Pardubice 2012}) 12. cxb6 {The position is equal.} Nb4 13. Nxf6+ Qxf6 14. Qxc4 (14. Qc3 $2 Qxc3 15. bxc3 Nc2+ 16. Kd1 Nxa1 $19) 14... a5 {[%cal Ba7a5,Ba5a4][%mdl 32] Strongly threatening ...Rd8.} 15. Qb3 Bb7 16. a3 Rad8 {[%cal Od8d2]} 17. Nc4 (17. axb4 Rxd2 18. Kxd2 Qxf2+ 19. Be2 Rd8+ 20. Kc1 (20. Qd3 $2 Rxd3+ 21. Kxd3 Ba6+ 22. Ke4 Qf5+ 23. Kd4 Qf6+ 24. Ke4 Bxe2 $19) 20... Qxe2 21. Rxa5 (21. Rd1 Rc8+ 22. Qc3 Rxc3+ 23. bxc3 Be4 24. Rd8+ Kh7 25. Ra2 Qxa2 26. Kd1 Qc2+ 27. Ke1 Qxc3+ 28. Ke2 axb4 29. Rd7 Bc6 30. b7 Bb5+ 31. Kf3 Qf6+ 32. Kg3 Qe5+ 33. Kf2 Qf6+ 34. Kg3 Qe5+ 35. Kf3 Bxd7 36. e4 b3 37. g4 b2 38. b8=Q Qxb8 39. g5 hxg5 40. Ke3 b1=Q 41. Kd2 Qxh2+ 42. Ke3 e5 43. Kf3 Qd3#) 21... Be4 $11) 17... Bxg2 $1 {[#]} 18. axb4 $1 a4 $1 19. Qc3 Bxh1 20. Qxf6 gxf6 21. Rxa4 Rd7 22. Be2 {And now f3 would win.} Bd5 23. b3 $1 Kg7 (23... Rb8 $11) 24. b5 $16 Rb8 25. f4 (25. f3 $16) 25... Kf8 26. Ra6 Ke7 27. Kf2 Bb7 (27... Bxc4 $11 {keeps the balance.} 28. bxc4 Kd6) 28. Ra7 Bd5 29. Bf3 {White is more active.} Bxf3 (29... Kd8 $16) 30. Kxf3 {[%mdl 4096] Endgame KRR-KRN} Rbb7 31. Ra6 {aiming for Na5.} Rb8 {[#]} (31... Kf8 {might work better.}) 32. Na5 $1 $18 {Hoping for Nc6+.} ({Less strong is} 32. Ra7 Ke8 $16) 32... Kf8 33. b7 e5 $2 (33... Rbxb7 34. Nxb7 Rxb7) 34. f5 e4+ 35. Kf4 Kg7 36. Rc6 h5 37. b6 Kh7 38. Rc7 Rg8 39. h3 {White mates.} Rd2 40. Rc8 Rdg2 41. Rxg8 (41. b8=Q $2 {[#] leads to mate.} R8g4+ $3 {[%mdl 512]} 42. hxg4 Rxg4#) 41... Rxg8 42. Nc6 {Weighted Error Value: White=0.03 (flawless) /Black=0.52} 1-0

[Event "Festival Primavera Cattolica 2022"]
[Site "Cattolica"]
[Date "2022.03.20"]
[Round "8.5"]
[White "Begmuratov, Khumoyun"]
[Black "Ohanyan, Emin"]
[Result "0-1"]
[WhiteElo "2358"]
[BlackElo "2379"]
[Annotator "ChessBase"]
[PlyCount "146"]
[EventDate "2022.03.16"]
[EventType "swiss"]
[EventCountry "ITA"]
[SourceTitle "playchess.com"]
[Source "ChessBase"]
[SourceQuality "1"]
[TimeControl "30/3600+30:1800+30"]

1. e4 {[%emt 0:00:02]} c5 {[%emt 0:00:09]} 2. Nf3 {[%emt 0:00:28]} Nc6 {[%emt 0:00:03]} 3. Bb5 {[%emt 0:00:21]} g6 {[%emt 0:02:06]} 4. Bxc6 {[%emt 0:00:24]} dxc6 {[%emt 0:00:55]} 5. d3 {[%emt 0:00:15]} Qc7 {[%emt 0:04:09]} 6. Be3 {[%emt 0:00:24]} e5 {[%emt 0:02:33]} 7. Nc3 {[%emt 0:01:01]} f6 {[%emt 0:07:35]} 8. h3 {[%emt 0:00:58]} Be6 {[%emt 0:00:59]} 9. O-O {[%emt 0:08:17]} Bd6 {[%emt 0:07:56]} 10. Qd2 {[%emt 0:03:37]} Ne7 {[%emt 0:08:04]} 11. Ne2 {[%emt 0:02:53]} g5 {[%emt 0:06:27]} 12. c3 {[%emt 0:13:01]} Ng6 {[%emt 0:02:56]} 13. d4 {[%emt 0:06:40]} O-O-O {[%emt 0:03:01]} 14. Qc2 {[%emt 0:06:10]} g4 {[%emt 0:15:40]} 15. hxg4 {[%emt 0:00:24]} Bxg4 {[%emt 0:01:05]} 16. dxc5 {[%emt 0:00:40]} Bxf3 {[%emt 0:01:37]} 17. gxf3 {[%emt 0:08:54]} Rhg8 {[%emt 0:01:59]} 18. cxd6 {[%emt 0:03:50]} Nf4+ {[%emt 0:01:40]} 19. Ng3 {[%emt 0:00:13]} Qd7 {[%emt 0:00:32]} 20. Bxf4 {[%emt 0:00:38]} exf4 {[%emt 0:00:03]} 21. Kh2 {[%emt 0:00:25]} Qg7 {[%emt 0:00:38]} 22. Rg1 {[%emt 0:00:44]} Qh6+ {[%emt 0:00:51]} 23. Kg2 {[%emt 0:00:05]} Qh4 {[%emt 0:00:30]} 24. Kf1 {[%emt 0:02:01]} fxg3 {[%emt 0:00:05]} 25. fxg3 {[%emt 0:00:13]} Rxg3 {[%emt 0:00:12]} 26. Qf2 {[%emt 0:03:05]} Rxg1+ {[%emt 0:00:30]} 27. Qxg1 {[%emt 0:00:01]} Rxd6 {[%emt 0:01:08]} 28. Ke2 {[%emt 0:00:07]} f5 {[%emt 0:00:34]} 29. Qg8+ {[%emt 0:04:09]} Kc7 {[%emt 0:00:31]} 30. Rg1 {[%emt 0:00:00]} Rd7 {[%emt 0:00:00]} 31. Qg3+ {[%emt 0:08:15]} Qxg3 {[%emt 0:02:57]} 32. Rxg3 {[%emt 0:00:01]} fxe4 {[%emt 0:00:18]} 33. fxe4 {[%emt 0:00:08]} h5 {[%emt 0:02:31]} 34. Rh3 {[%emt 0:00:50]} Rh7 {[%emt 0:00:32]} 35. Rh4 {[%emt 0:00:14]} Kd6 {[%emt 0:02:20]} 36. Kf3 {[%emt 0:00:17]} Ke5 {[%emt 0:00:36]} 37. Ke3 {[%emt 0:00:05]} Kf6 {[%emt 0:04:35]} 38. Kf4 {[%emt 0:01:17]} Kg6 {[%emt 0:01:03]} 39. Rh1 {[%emt 0:03:10]} h4 {[%emt 0:05:49]} 40. e5 {[%emt 0:02:08]} h3 {[%emt 0:02:55]} 41. Rh2 {[%emt 0:00:56]} Kf7 {[%emt 0:01:10]} 42. Kf5 {[%emt 0:00:41]} c5 {[%emt 0:05:41]} 43. c4 {[%emt 0:04:13]} a6 {[%emt 0:01:12]} 44. b3 {[%emt 0:01:40]} Rh8 {[%emt 0:01:27]} 45. a3 {[%emt 0:01:58]} a5 {[%emt 0:00:08]} 46. a4 {[%emt 0:04:10]} b6 {[%emt 0:00:10]} 47. Kg4 {[%emt 0:01:17]} Ke6 {[%emt 0:00:13]} 48. Kf4 {[%emt 0:00:04]} Rh7 {[%emt 0:00:55]} 49. Ke4 {[%emt 0:01:04]} Rh4+ {[%emt 0:00:20]} 50. Kf3 {[%emt 0:00:03]} Kxe5 {[%emt 0:00:22]} 51. Kg3 {[%emt 0:00:03]} Rh6 {[%emt 0:00:11]} 52. Re2+ {[%emt 0:00:03]} Kd4 {[%emt 0:00:06]} 53. Kh2 {[%emt 0:00:04]} Kc3 {[%emt 0:00:21]} 54. Re3+ {[%emt 0:00:04]} Kc2 {[%emt 0:00:03]} 55. Rg3 {[%emt 0:00:16]} Rd6 {[%emt 0:00:26]} 56. Rxh3 {[%emt 0:00:11]} Rd3 {[%emt 0:00:07]} 57. Rh6 {[%emt 0:00:05]} Rxb3 {[%emt 0:00:04]} 58. Kg2 {[%emt 0:00:02]} Rb4 {[%emt 0:00:27]} 59. Kf3 {[%emt 0:00:09]} Kb3 {[%emt 0:00:02]} 60. Ke3 {[%emt 0:00:06]} Kxc4 {[%emt 0:00:12]} 61. Kd2 {[%emt 0:00:06]} Kb3 {[%emt 0:00:04]} 62. Rh3+ {[%emt 0:00:05]} Kxa4 {[%emt 0:00:05]} 63. Kc2 {[%emt 0:00:04]} Kb5 {[%emt 0:00:06]} 64. Rh8 {[%emt 0:00:04]} a4 {[%emt 0:00:03]} 65. Ra8 {[%emt 0:00:07]} Rh4 {[%emt 0:00:04]} 66. Kb2 {[%emt 0:00:05]} Kb4 {[%emt 0:00:04]} 67. Rg8 {[%emt 0:00:05]} c4 {[%emt 0:00:06]} 68. Rg2 {[%emt 0:00:06]} Rd4 {[%emt 0:00:05]} 69. Rh2 {[%emt 0:00:02]} Rd2+ {[%emt 0:00:07]} 70. Rxd2 {[%emt 0:00:05]} c3+ {[%emt 0:00:02]} 71. Kc2 {[%emt 0:00:05]} cxd2 {[%emt 0:00:04]} 72. Kxd2 {[%emt 0:00:03]} Kb3 {[%emt 0:00:14]} 73. Kc1 {[%emt 0:00:05]} Ka2 {[%emt 0:14:15]} 0-1

[Event "Festival Primavera Cattolica 2022"]
[Site "Cattolica"]
[Date "2022.03.20"]
[Round "8.6"]
[White "Mirzoev, Emil"]
[Black "Reuker, Jari"]
[Result "1/2-1/2"]
[WhiteElo "2460"]
[BlackElo "2425"]
[Annotator "TA"]
[PlyCount "89"]
[EventDate "2022.03.16"]
[EventType "swiss"]
[EventCountry "ITA"]
[SourceTitle "playchess.com"]
[Source "ChessBase"]
[SourceQuality "1"]

{[%evp 11,89,-4,0,0,0,0,25,0,0,0,0,-56,-59,-53,-41,-39,-49,-47,0,0,0,9,0,-5,25,22,4,0,0,0,0,-6,12,12,12,12,22,21,20,18,18,3,10,0,40,40,34,1,14,1,14,11,29,25,18,25,11,12,27,23,29,29,29,24,33,8,8,8,33,0,0,0,0,0,0,0,0,0,157,0]} 1. c4 Nf6 2. Nc3 e5 3. Nf3 Nc6 4. e3 Bb4 5. Qc2 Bxc3 6. bxc3 O-O 7. e4 {7.d3 is more fashionable. A28: English Opening: Four Knights Variation.} d6 8. g3 Nd7 {[%cal Of7f5]} 9. Bg2 {White has an edge.} Nc5 10. Nh4 $1 {Inhibits f5.} ({Of course not} 10. d4 exd4 11. Nxd4 (11. cxd4 Bg4 $17) 11... Ne5 $15) 10... a6 11. a4 (11. O-O $11) 11... Na5 $1 $15 {[%cal Bc6a5,Ba5b3,Bb3c1][%mdl 32]} 12. d3 Nab3 {Pair of Knights!} 13. Rb1 Nxc1 14. Rxc1 {[#]} Qe8 $146 (14... Bd7 $15 15. a5 Ba4) ({Predecessor:} 14... Qf6 15. O-O g5 16. Nf3 Bg4 17. Ne1 a5 18. f4 gxf4 19. gxf4 exf4 20. d4 Ne6 {0-1 (33) Sanal,V (2535)-Esipenko,A (2625) Abu Dhabi 2019}) 15. a5 $11 Qa4 16. Qxa4 Nxa4 17. Kd2 b5 18. axb6 $1 Nxb6 19. f4 f6 20. Nf5 Bd7 21. Ne3 a5 22. Ra1 a4 23. Bf3 Rfb8 24. Ra2 g6 25. h4 {[%cal Bh2h4,Bh4h5,Bh5h6][%mdl 32]} Kg7 26. h5 Bc6 27. f5 g5 28. h6+ Kf7 29. d4 Ke7 30. Rha1 Ra5 31. Kd3 Bb7 32. Bd1 {[%cal Rd1a4]} Rba8 33. Ra3 Bc6 34. Rb1 R8a7 35. Rb4 Ra8 36. Be2 Kd8 {[%cal Be7d8,Bd8c8,Bc8c7][%mdl 32]} 37. Nd5 Nxd5 38. exd5 Bd7 39. g4 Kc8 40. Rb2 {[%cal Oc4c5]} c5 41. Bd1 Kc7 42. dxe5 dxe5 43. Bf3 {[%cal Od5d6]} R8a6 44. Be4 Ra8 $2 {[#]} ({Better is} 44... Rb6 $11 45. Rxb6 Kxb6) 45. Bf3 $2 {Weighted Error Value: White=0.06 (flawless) /Black=0.14 (very precise)} ({White must play} 45. d6+ $1 $16 Kxd6 46. Rb6+ (46. Bxa8 Rxa8 47. Ke3 Kc7 $11) 46... Kc7 47. Rxf6) 1/2-1/2